书目信息 |
| 题名: |
电化教育学
|
|
| 作者: | 南国农 主编 | |
| 分册: | ||
| 出版信息: | 北京 高等教育出版社 1985 |
|
| 页数: | 298页 | |
| 开本: | 20cm | |
| 丛书名: | ||
| 单 册: | ||
| 中图分类: | G431 | |
| 科图分类: | ||
| 主题词: | 电化教学 , 电化教育 | |
| 电子资源: | ||
| ISBN: | 7-04-001693-1 | |
| 000 | 00539nam0 2200205 45 | |
| 001 | 0404250972 | |
| 005 | 20070926145539.85 | |
| 010 | @a7-04-001693-1@dCNY1.95 | |
| 100 | @a20040425d1985 km y0chiy0120 ea | |
| 101 | 0 | @achi |
| 200 | 1 | @a电化教育学@ADian Hua Jiao Yu Xue@f南国农主编@FNan Guo Nong Zhu Bian |
| 210 | @a北京@c高等教育出版社@d1985 | |
| 215 | @a298页@d20cm | |
| 300 | @a高等学校教材 | |
| 606 | 0 | @a电化教学 |
| 606 | 0 | @a电化教育 |
| 690 | @aG431@v3 | |
| 701 | 0 | @a南国农@4主编 |
| 801 | @aCN@bTSTCL@c20070926 | |
| 905 | @dG431@e11 | |
| 电化教育学/南国农主编.-北京:高等教育出版社,1985 |
| 298页;20cm |
| 高等学校教材 |
| ISBN 7-04-001693-1:CNY1.95 |
| ● |
| 相关链接 |
|
|
|
|
正题名:电化教育学
索取号:G431/11
 
预约/预借
| 序号 | 登录号 | 条形码 | 馆藏地/架位号 | 状态 | 备注 |
| 1 | 0609850 | 206098505 | 密集书库/ [索取号:G431/11] | 在馆 |